| 000 | 004230000a22001090004500 | ||
|---|---|---|---|
| 100 | 1 | _aEdgar, Brian | |
| 245 | 1 | 0 | _aThe theology of theological education |
| 300 | _aVol.29, núm.3 (July, 2005), Páginas 208-217 | ||
| 520 | _aEvangelical theological education as a whole today needs earnestly to pursue and recover a thoroughgoing theology of theological education. | ||
| 773 | 0 | _tEvangelical Review of Theology | |
| 942 | _cANA | ||
| 999 |
_c61214 _d61214 |
||